| 000 | 00693nam a2200253Ia 4500 | ||
|---|---|---|---|
| 003 | OSt | ||
| 005 | 20220925223047.0 | ||
| 006 | a|||||r|||| 00| 0 | ||
| 007 | ta | ||
| 008 | 220923b |||||||| |||| 00| 0 eng d | ||
| 020 | _a041502675X | ||
| 037 | _cGeneral Book | ||
| 040 |
_aRTL _cRTL _beng |
||
| 041 |
_2eng _aeng |
||
| 082 | _aU8.791.N9, N2 | ||
| 100 |
_aPratt Mary Louise _953012 |
||
| 245 | 0 |
_aImperial eyes _b Travel writing and transculturation |
|
| 260 |
_aLondon _bRoutledge _c1992 |
||
| 300 |
_axii, 257p _ccm. |
||
| 650 | _a Geography | ||
| 650 | _aTravel | ||
| 942 |
_hU8.791.N9, N2 _cGB _2CC |
||
| 999 |
_c578531 _d578531 |
||